000
00186nam a22000857a 4500
003
SGT
245
_a
SUPREME COURT (1201-2000)
260
_a
NAGPUR
_b
ALL INDIA REPORTER
_c
1965
942
_2
ddc
_c
BV
999
_c
12380
_d
12380